Records of the historian
| Main Author: | |
|---|---|
| Format: | Book |
| Published: |
Hong Kong :
The Commercial Press.Ltd. ,
1985
|
| Subjects: |
MARC
| LEADER | 00000cam a2200000 7i4500 | ||
|---|---|---|---|
| 001 | 0000009718 | ||
| 002 | 000010583 | ||
| 005 | 20000330.0 | ||
| 020 | |a 9620710541 | ||
| 090 | 0 | 0 | |a 907.092 |b SZU |
| 100 | 0 | |a Szuma Chien | |
| 245 | 0 | 0 | |a Records of the historian |c Szuma Chien |
| 260 | |a Hong Kong : |b The Commercial Press.Ltd. , |c 1985 | ||
| 300 | |a 460 p. ; |c 21 cm. | ||
| 650 | 0 | 0 | |a Historian |x Biography |
| 999 | |a 0004975 |b BUKU |c PINJAMAN |e PERPUSTAKAAN KOMUNITI PETALING JAYA | ||